000 01037nam a2200277Ia 4500
003 OSt
005 20220923220403.0
006 a|||||r|||| 00| 0
007 ta
008 220922b |||||||| |||| 00| 0 hin d
024 _a186,297
037 _cTextual
040 _aARTS
_cARTS
_bhin
041 _2hin
_ahin
082 _aY:1v2'C, 152L6
100 _aपांडेय, राजेन्द्र
245 0 _aभारत का संस्कृति इतिहास
246 _aBhārat kā sanskṛuti itihāsa
260 _aलखनऊ
_b उत्तर प्रदेश हिन्दी गं्रथ अकादमी
_c1976
300 _a368 पृ.
_ccm.
650 _a भारतीय संस्कृति
_9157954
650 _a भारतीय संस्कृति
_9157954
650 _aभारतीय-लोक साहित्य
942 _hY:1v2'C, 152L6
_cTEXL
_2CC
999 _c339542
_d339542